[Event "Oberfranken-ch Seniors"]
[Site "Bischofsgruen"]
[Date "2009.06.13"]
[Round "9"]
[White "Huhn, Ulrich"]
[Black "Ragsch, Klaus"]
[Result "1-0"]
[WhiteElo "2016"]
[BlackElo "1994"]
[PlyCount "53"]
[EventDate "2009.06.05"]
[EventType "swiss"]
[EventRounds "9"]
[EventCountry "GER"]
[SourceTitle "EXT 2012"]
[Source "ChessBase"]
[SourceDate "2011.11.24"]
[SourceVersion "1"]
[SourceVersionDate "2011.11.24"]
[SourceQuality "1"]

1. d4 d5 2. Nc3 Nf6 3. Bg5 e6 4. e4 dxe4 5. Nxe4 Be7 6. Nxf6+ Bxf6 7. Bxf6 Qxf6 8. Bd3 0-0 9. Nf3 Nd7 10. Qe2 c5 11. c3 cxd4 12. Nxd4 Nc5 13. Bxh7+ Kxh7 14. Qh5+ Kg8 15. Qxc5 e5 16. Ne2 Bg4 17. f3 Be6 18. 0-0 b6 19. Qe3 Rad8 20. Ng3 Bc4 21. Ne4 Qc6 22. Rf2 Rd3 23. Qg5 Rfd8 24. Rd2 f6 25. Rxd3 Rxd3 26. Qg6 Bf7 27. Nxf6+ 1-0

[Event "Oberfranken-ch Seniors"]
[Site "Bischofsgruen"]
[Date "2009.06.09"]
[Round "5"]
[White "Ragsch, Klaus"]
[Black "Kraft, Hans"]
[Result "1/2-1/2"]
[WhiteElo "1994"]
[BlackElo "2113"]
[PlyCount "45"]
[EventDate "2009.06.05"]
[EventType "swiss"]
[EventRounds "9"]
[EventCountry "GER"]
[SourceTitle "EXT 2012"]
[Source "ChessBase"]
[SourceDate "2011.11.24"]
[SourceVersion "1"]
[SourceVersionDate "2011.11.24"]
[SourceQuality "1"]

1. e4 c5 2. Nf3 g6 3. Nc3 Bg7 4. d4 cxd4 5. Nxd4 Nc6 6. Be3 Nf6 7. Be2 0-0 8. 0-0 d6 9. Nb3 Be6 10. f3 a6 11. Qd2 Qc7 12. Rad1 Rac8 13. Nd4 Nxd4 14. Bxd4 b5 15. a3 Nd7 16. Bxg7 Kxg7 17. Kh1 Nb6 18. f4 f6 19. Rfe1 Nc4 20. Bxc4 Qxc4 21. Qf2 Qc5 22. Qg3 Bf7 23. Rd2 1/2-1/2

[Event "Oberfranken-ch Seniors"]
[Site "Bischofsgruen"]
[Date "2009.06.07"]
[Round "3"]
[White "Ragsch, Klaus"]
[Black "Klein, Reinhard"]
[Result "1-0"]
[WhiteElo "1994"]
[BlackElo "1897"]
[PlyCount "83"]
[EventDate "2009.06.05"]
[EventType "swiss"]
[EventRounds "9"]
[EventCountry "GER"]
[SourceTitle "EXT 2012"]
[Source "ChessBase"]
[SourceDate "2011.11.24"]
[SourceVersion "1"]
[SourceVersionDate "2011.11.24"]
[SourceQuality "1"]

1. e4 g6 2. h4 d6 3. h5 Nf6 4. hxg6 fxg6 5. Nc3 Nc6 6. Nf3 Bg4 7. Be2 Qd7 8. d3 0-0-0 9. Bg5 Bg7 10. Qd2 Rdf8 11. 0-0-0 Nh5 12. Kb1 e5 13. Nd5 h6 14. Be3 Kb8 15. Nh4 Bxe2 16. Qxe2 Nf4 17. Bxf4 exf4 18. Nxg6 Nd4 19. Qd2 Qb5 20. Qb4 Qxb4 21. Nxb4 a5 22. Nd5 f3 23. gxf3 Nxf3 24. Nxh8 Rxh8 25. Ne3 h5 26. Nf5 Bf6 27. Rh3 Ng5 28. Rhh1 Nf3 29. Rh3 Ng5 30. Re3 h4 31. Rh1 h3 32. f4 Ne6 33. Rexh3 Rxh3 34. Rxh3 Nxf4 35. Rf3 Bg5 36. Rg3 Ne6 37. Rg4 Bd2 38. c3 b5 39. Kc2 Bg5 40. Ng7 Nxg7 41. Rxg5 Ne6 42. Rxb5+ 1-0

[Event "Oberfranken-ch Seniors"]
[Site "Bischofsgruen"]
[Date "2009.06.06"]
[Round "2"]
[White "Josting, Friedel"]
[Black "Ragsch, Klaus"]
[Result "1/2-1/2"]
[WhiteElo "2004"]
[BlackElo "1994"]
[PlyCount "50"]
[EventDate "2009.06.05"]
[EventType "swiss"]
[EventRounds "9"]
[EventCountry "GER"]
[SourceTitle "EXT 2012"]
[Source "ChessBase"]
[SourceDate "2011.11.24"]
[SourceVersion "1"]
[SourceVersionDate "2011.11.24"]
[SourceQuality "1"]

1. d4 d5 2. Nf3 Nf6 3. Bf4 e6 4. e3 c6 5. Nbd2 Bd6 6. Bg5 Be7 7. Bd3 Nbd7 8. 0-0 0-0 9. Re1 Re8 10. h3 Nf8 11. c3 N6d7 12. Bxe7 Qxe7 13. e4 dxe4 14. Nxe4 Nf6 15. Qd2 Nxe4 16. Rxe4 Rd8 17. Rae1 c5 18. Qe2 b6 19. Ba6 cxd4 20. Nxd4 Bxa6 21. Qxa6 Rd5 22. Qc4 Qd7 23. Qb3 b5 24. Re5 Rxe5 25. Rxe5 a6 1/2-1/2

[Event "Corfu op"]
[Site "Corfu"]
[Date "2007.10.04"]
[Round "4"]
[White "Georgiadis, Alexandros"]
[Black "Ragsch, Klaus"]
[Result "1-0"]
[WhiteElo "1882"]
[BlackElo "2004"]
[PlyCount "119"]
[EventDate "2007.10.01"]
[EventType "swiss"]
[EventRounds "9"]
[EventCountry "GRE"]
[SourceTitle "CBM 120 Extra"]
[Source "ChessBase"]
[SourceDate "2007.11.01"]
[SourceVersion "1"]
[SourceVersionDate "2007.11.01"]
[SourceQuality "1"]

1. d4 d5 2. c4 e6 3. Nc3 Nf6 4. Nf3 c6 5. Bg5 Be7 6. e3 Nbd7 7. Bd3 0-0 8. 0-0 dxc4 9. Bxc4 Nd5 10. Bxe7 Qxe7 11. Rc1 N5b6 12. Bd3 e5 13. Qc2 g6 14. Rfd1 exd4 15. Nxd4 Nf6 16. Nce2 Bg4 17. h3 Bd7 18. a3 Rad8 19. Nb3 Rfe8 20. Nc5 Bc8 21. Nd4 Nfd5 22. Bf1 Qg5 23. Kh1 Qe5 24. b4 a6 25. Nxa6 Nxe3 26. fxe3 Qxe3 27. Rd3 Qf4 28. Ne2 Qf2 29. Rf3 Qh4 30. Nc5 Nd5 31. Qb3 Qg5 32. Rd1 b6 33. Na4 Ba6 34. Nac3 Re3 35. Rxe3 Qxe3 36. Qc2 Re8 37. b5 Nxc3 38. Nxc3 Bb7 39. bxc6 Bxc6 40. Qd3 Qe6 41. Rb1 Bb7 42. Qg3 Rc8 43. Kh2 h5 44. Nb5 Rd8 45. Qc7 Rd7 46. Qb8+ Kg7 47. Qf4 Qa2 48. Rc1 Rd2 49. Qe5+ Kh7 50. Qg5 Rf2 51. Kg1 Rf5 52. Qg3 Qd2 53. Re1 Rg5 54. Qf2 Qd5 55. Nc3 Qb3 56. Re7 Rf5 57. Qd4 Bc6 58. Rc7 Qe6 59. Ne2 g5 60. Ng3 1-0

[Event "Corfu op"]
[Site "Corfu"]
[Date "2007.10.02"]
[Round "2"]
[White "Tourkolias, Dimitrios"]
[Black "Ragsch, Klaus"]
[Result "1-0"]
[WhiteElo "1872"]
[BlackElo "2004"]
[PlyCount "35"]
[EventDate "2007.10.01"]
[EventType "swiss"]
[EventRounds "9"]
[EventCountry "GRE"]
[SourceTitle "CBM 120 Extra"]
[Source "ChessBase"]
[SourceDate "2007.11.01"]
[SourceVersion "1"]
[SourceVersionDate "2007.11.01"]
[SourceQuality "1"]

1. e4 e5 2. f4 exf4 3. Nf3 d5 4. exd5 Nf6 5. Bc4 Nxd5 6. 0-0 Be7 7. d4 0-0 8. Bxd5 Qxd5 9. Bxf4 c5 10. Nc3 Qc4 11. Qe1 Bf6 12. Bd6 Bxd4+ 13. Kh1 Rd8 14. Qh4 Nc6 15. Ne5 Qe6 16. Nxf7 Bf6 17. Nxd8 Qxd6 18. Qc4+ 1-0

[Event "Goch op 15th"]
[Site "Goch"]
[Date "2004.10.03"]
[Round "7"]
[White "Ragsch, Klaus"]
[Black "Liesenfeld, Holger"]
[Result "1-0"]
[WhiteElo "2033"]
[BlackElo "1594"]
[PlyCount "49"]
[EventDate "2004.09.30"]
[EventType "swiss"]
[EventRounds "7"]
[EventCountry "GER"]
[SourceTitle "EXT 2006"]
[Source "ChessBase"]
[SourceDate "2005.11.24"]
[SourceVersion "1"]
[SourceVersionDate "2005.11.24"]
[SourceQuality "1"]

1. e4 Nf6 2. e5 Nd5 3. d4 d6 4. Nf3 Bg4 5. Be2 Nc6 6. 0-0 dxe5 7. Nxe5 Bxe2 8. Qxe2 Nxd4 9. Qc4 Ne6 10. Rd1 c6 11. Nxc6 Qc7 12. Qxd5 bxc6 13. Qf3 g6 14. Nc3 Rb8 15. Rb1 Bg7 16. Be3 0-0 17. Na4 Rb5 18. Nc3 Rh5 19. g3 Rb8 20. Rd3 Rf5 21. Qd1 Rb7 22. Ne2 Nc5 23. Rd8+ Bf8 24. Bh6 Nd7 25. Qxd7 1-0

[Event "Goch op 15th"]
[Site "Goch"]
[Date "2004.10.01"]
[Round "3"]
[White "Ragsch, Klaus"]
[Black "Berens, Thomas"]
[Result "0-1"]
[WhiteElo "2033"]
[BlackElo "2048"]
[PlyCount "98"]
[EventDate "2004.09.30"]
[EventType "swiss"]
[EventRounds "7"]
[EventCountry "GER"]
[SourceTitle "EXT 2006"]
[Source "ChessBase"]
[SourceDate "2005.11.24"]
[SourceVersion "1"]
[SourceVersionDate "2005.11.24"]
[SourceQuality "1"]

1. e4 c5 2. Nf3 d6 3. d4 cxd4 4. Nxd4 Nf6 5. Nc3 a6 6. Be2 e5 7. Nb3 Be6 8. 0-0 Be7 9. Kh1 Nbd7 10. f4 Qc7 11. Re1 b5 12. Be3 Rc8 13. Rc1 Nb6 14. Bxb6 Qxb6 15. f5 Bc4 16. Bf3 0-0 17. Nd2 Qd4 18. Nxc4 Qxd1 19. Rcxd1 Rxc4 20. a3 Rfc8 21. Rd3 R4c5 22. h3 R8c6 23. Kh2 a5 24. Bd1 b4 25. axb4 axb4 26. Na4 Rc4 27. c3 Rxe4 28. Rxe4 Nxe4 29. cxb4 Nf2 30. Rd2 Nxd1 31. Rxd1 Rc4 32. Nc3 Rxb4 33. Nd5 Rb7 34. Rc1 f6 35. b4 Kf7 36. Kg1 Ke8 37. Kf2 Bd8 38. Rc6 Kd7 39. Ra6 Rb5 40. Nc3 Bb6+ 41. Kf3 Rxb4 42. Ne2 Kc6 43. Ra8 Rb3+ 44. Kg4 d5 45. Rg8 Re3 46. Ng3 d4 47. Rxg7 d3 48. Nf1 Re1 49. Nd2 Re2 0-1

[Event "Bad Woerishofen op 19th"]
[Site "Bad Woerishofen"]
[Date "2003.03.21"]
[Round "9"]
[White "Gerhards, Walter"]
[Black "Ragsch, Klaus"]
[Result "1-0"]
[WhiteElo "2140"]
[BlackElo "1890"]
[PlyCount "100"]
[EventDate "2003.03.13"]
[EventType "swiss"]
[EventRounds "9"]
[EventCountry "GER"]
[SourceTitle "CBM 093 Extra"]
[Source "ChessBase"]
[SourceDate "2003.05.09"]
[SourceVersion "1"]
[SourceVersionDate "2003.05.09"]
[SourceQuality "1"]

1. e4 e5 2. Nf3 Nf6 3. Nxe5 d6 4. Nf3 Nxe4 5. d4 d5 6. Bd3 Be7 7. c4 c6 8. 0-0 0-0 9. Qc2 f5 10. Ne5 Nd7 11. f3 Nxe5 12. dxe5 Nc5 13. cxd5 Nxd3 14. Qxd3 cxd5 15. Be3 f4 16. Bd4 Bf5 17. Qb3 b6 18. Nc3 Be6 19. Rfd1 Qd7 20. Rd2 Rac8 21. Rad1 Rc4 22. Kh1 Rfc8 23. a3 Kf7 24. Ne2 g5 25. Rf1 Kg7 26. Qd1 Qe8 27. Bc3 Qg6 28. Nd4 Bxa3 29. Nxe6+ Qxe6 30. Rxd5 Be7 31. Qd3 R4c7 32. h3 Qg6 33. Qd2 Kh6 34. Rd1 Qe6 35. Kh2 a6 36. Bb4 Kh5 37. Bxe7 Rxe7 38. Re1 Rc6 39. Qd4 b5 40. b3 Kh4 41. g3+ Kh5 42. g4+ Kg6 43. Rd1 Kf7 44. Rd2 Qg6 45. Rd7 Qe6 46. Rxe7+ Qxe7 47. Qe4 Rc7 48. Qxh7+ Kf8 49. Qf5+ Kg7 50. Rd6 Qf7 1-0

[Event "Bad Woerishofen op 19th"]
[Site "Bad Woerishofen"]
[Date "2003.03.20"]
[Round "8"]
[White "Ragsch, Klaus"]
[Black "Steinhardt, Stefan"]
[Result "1/2-1/2"]
[WhiteElo "1890"]
[BlackElo "2230"]
[PlyCount "77"]
[EventDate "2003.03.13"]
[EventType "swiss"]
[EventRounds "9"]
[EventCountry "GER"]
[SourceTitle "CBM 093 Extra"]
[Source "ChessBase"]
[SourceDate "2003.05.09"]
[SourceVersion "1"]
[SourceVersionDate "2003.05.09"]
[SourceQuality "1"]

1. e4 Nf6 2. e5 Nd5 3. d4 d6 4. Nf3 Bg4 5. Be2 Nc6 6. exd6 cxd6 7. 0-0 g6 8. h3 Bxf3 9. Bxf3 Nb6 10. Re1 Bg7 11. c3 0-0 12. Bg5 f6 13. Bc1 Qc7 14. Qb3+ Kh8 15. Qe6 d5 16. Nd2 Rae8 17. Nb3 Nd8 18. Qe2 e5 19. Qb5 a6 20. Qf1 e4 21. Bd1 Ne6 22. Nc5 Nxc5 23. dxc5 Qxc5 24. Be3 Qc6 25. Bxb6 Qxb6 26. Bb3 d4 27. cxd4 f5 28. d5 Bd4 29. Red1 f4 30. Rxd4 Qxd4 31. Rd1 Qxb2 32. d6 e3 33. fxe3 fxe3 34. Qd3 e2 35. Re1 Qf6 36. d7 Qf2+ 37. Kh2 Qf4+ 38. Kg1 Qf2+ 39. Kh2 1/2-1/2

[Event "Goch op 14th"]
[Site "Goch"]
[Date "2003.??.??"]
[Round "3"]
[White "Ragsch, Klaus"]
[Black "Schuck, Sebastian"]
[Result "0-1"]
[WhiteElo "2050"]
[BlackElo "2270"]
[PlyCount "102"]
[EventDate "2003.10.02"]
[EventType "swiss"]
[EventRounds "7"]
[EventCountry "GER"]
[SourceTitle "EXT 2006"]
[Source "ChessBase"]
[SourceDate "2005.11.24"]
[SourceVersion "1"]
[SourceVersionDate "2005.11.24"]
[SourceQuality "1"]

1. e4 c5 2. Nf3 d6 3. d4 cxd4 4. Nxd4 Nf6 5. Nc3 g6 6. Bc4 Bg7 7. f3 0-0 8. Bb3 Nc6 9. Be3 Bd7 10. Qd2 Qa5 11. 0-0-0 Rfc8 12. Kb1 Ne5 13. g4 b5 14. h4 Nc4 15. Qd3 e5 16. Nde2 Be6 17. h5 b4 18. Nd5 Bxd5 19. exd5 e4 20. fxe4 Ne5 21. Qd2 Nxe4 22. Qe1 Nxg4 23. Bd4 Qd8 24. hxg6 hxg6 25. Bxg7 Kxg7 26. Rd4 Ngf6 27. Nf4 Qe7 28. Rxb4 Rh8 29. Rg1 a5 30. Ra4 Qe5 31. Rf1 Nc5 32. Ra3 a4 33. Bc4 Qxe1+ 34. Rxe1 Rae8 35. Rf1 Rh4 36. Raf3 Nce4 37. Kc1 Rh2 38. Rh3 Rxh3 39. Nxh3 Rh8 40. Nf4 Ng4 41. Re1 f5 42. Bd3 Ngf2 43. Bb5 g5 44. Nd3 Ng4 45. Bd7 Kg6 46. b4 axb3 47. axb3 Ngf6 48. Be6 f4 49. Rg1 f3 50. c4 f2 51. Rf1 Rh2 0-1

[Event "Wch Seniors 13th"]
[Site "Bad Zwischenahn"]
[Date "2003.??.??"]
[Round "?"]
[White "Ragsch, Klaus"]
[Black "Schwarz, Werner"]
[Result "1/2-1/2"]
[WhiteElo "1870"]
[BlackElo "1725"]
[PlyCount "105"]
[EventDate "2003.11.16"]
[EventType "swiss"]
[EventRounds "11"]
[EventCountry "GER"]
[SourceTitle "CBM 097 Extra"]
[Source "ChessBase"]
[SourceDate "2004.01.13"]
[SourceVersion "1"]
[SourceVersionDate "2004.01.13"]
[SourceQuality "1"]

1. e4 c6 2. d4 d5 3. Nd2 dxe4 4. Nxe4 Bf5 5. Ng3 Bg6 6. h4 h6 7. Bc4 e6 8. N1e2 Bd6 9. Nf4 Bh7 10. Qe2 Bxf4 11. Bxf4 Nf6 12. Rd1 0-0 13. Bb3 Nbd7 14. Kf1 Re8 15. Kg1 Nd5 16. Bd2 Qc7 17. c4 N5f6 18. f4 c5 19. Bc3 Qxf4 20. Rh3 Rad8 21. Ba4 Qc7 22. dxc5 Qxc5+ 23. Bd4 Qc7 24. Bxf6 gxf6 25. Nh5 Qc5+ 26. Kh1 Bg6 27. Nf4 Qe5 28. Bxd7 Qxf4 29. Bxe8 Rxe8 30. Rf1 Qd4 31. Rd1 Qf4 32. Qe3 Qxc4 33. Qxh6 Qe2 34. Qd2 Bh5 35. Qxe2 Bxe2 36. Rd7 Rb8 37. Rc3 Bb5 38. Rg3+ Kf8 39. Rd4 Ke7 40. Rb3 Bc6 41. Kh2 Bd5 42. Rg3 Rh8 43. a3 Bc6 44. Re3 e5 45. g3 Ke6 46. Rd2 f5 47. Kh3 f6 48. b4 a6 49. Rc2 Rd8 50. Rce2 Kf7 51. Re1 Rd2 52. R1e2 Rd1 53. Re1 1/2-1/2

[Event "Wch Seniors 13th"]
[Site "Bad Zwischenahn"]
[Date "2003.??.??"]
[Round "?"]
[White "Ragsch, Klaus"]
[Black "Villing, Dieter"]
[Result "0-1"]
[WhiteElo "1870"]
[BlackElo "2170"]
[PlyCount "95"]
[EventDate "2003.11.16"]
[EventType "swiss"]
[EventRounds "11"]
[EventCountry "GER"]
[SourceTitle "CBM 097 Extra"]
[Source "ChessBase"]
[SourceDate "2004.01.13"]
[SourceVersion "1"]
[SourceVersionDate "2004.01.13"]
[SourceQuality "1"]

1. e4 c5 2. Nf3 Nc6 3. d4 cxd4 4. Nxd4 Nf6 5. Nc3 e5 6. Nb3 Bb4 7. Bc4 Nxe4 8. Qd5 Nd6 9. Be2 Nf5 10. 0-0 0-0 11. a3 Be7 12. Qe4 d6 13. Nd5 Nfd4 14. Nxd4 Nxd4 15. Nxe7+ Qxe7 16. Bd3 Bf5 17. Qxd4 exd4 18. Bxf5 Rfe8 19. Bd2 Qh4 20. Bd3 Re5 21. Rae1 Rae8 22. g3 Qe7 23. Rd1 d5 24. Bb5 Rc8 25. Bd3 g6 26. f4 Re6 27. Rf2 f5 28. a4 b6 29. Rff1 a5 30. b3 Qc5 31. Rc1 Rce8 32. Kg2 Qa3 33. Rcd1 Re4 34. h3 Qe7 35. Rf2 Qg7 36. Kh2 Qf6 37. Rdf1 Qd6 38. Kg2 h5 39. g4 fxg4 40. f5 gxf5 41. Rxf5 Re2+ 42. R1f2 Rxf2+ 43. Rxf2 Re4 44. Bf4 Qf6 45. Bd2 Qe5 46. Kf1 Kg7 47. Kg1 gxh3 48. Bf1 0-1

[Event "Goch op 14th"]
[Site "Goch"]
[Date "2003.??.??"]
[Round "5"]
[White "Ragsch, Klaus"]
[Black "Welz, Ulf"]
[Result "1-0"]
[WhiteElo "2050"]
[BlackElo "1780"]
[PlyCount "73"]
[EventDate "2003.10.02"]
[EventType "swiss"]
[EventRounds "7"]
[EventCountry "GER"]
[SourceTitle "EXT 2006"]
[Source "ChessBase"]
[SourceDate "2005.11.24"]
[SourceVersion "1"]
[SourceVersionDate "2005.11.24"]
[SourceQuality "1"]

1. e4 c5 2. Nf3 d6 3. d4 cxd4 4. Nxd4 Nf6 5. Nc3 a6 6. Be2 e5 7. Nb3 Be7 8. 0-0 0-0 9. Kh1 Be6 10. f4 Qc7 11. Bf3 exf4 12. Bxf4 Nc6 13. Nd4 Nxd4 14. Qxd4 Rad8 15. Rad1 Rd7 16. Rd2 Rfd8 17. Re1 Qc5 18. Be3 Qxd4 19. Bxd4 b5 20. a3 Kf8 21. Kg1 g5 22. Nd5 Nxd5 23. exd5 Bf5 24. h3 Rc8 25. c3 Bd8 26. Rf1 Rb8 27. Bh5 Bg6 28. Bg4 Re7 29. Kh1 h5 30. Bf5 Bxf5 31. Rxf5 Re1+ 32. Kh2 Rb7 33. Rdf2 Rd1 34. h4 g4 35. Rxh5 Rd3 36. Rh8+ Ke7 37. Bf6+ 1-0

[Event "Bad Woerishofen op 18th"]
[Site "Bad Woerishofen"]
[Date "2002.??.??"]
[Round "1"]
[White "Ragsch, Klaus"]
[Black "Seifert, Volker"]
[Result "0-1"]
[WhiteElo "2010"]
[BlackElo "2261"]
[PlyCount "56"]
[EventDate "2002.03.??"]
[EventType "swiss"]
[EventRounds "9"]
[EventCountry "GER"]
[SourceTitle "EXT 2003"]
[Source "ChessBase"]
[SourceDate "2002.11.25"]
[SourceVersion "1"]
[SourceVersionDate "2002.11.25"]
[SourceQuality "1"]

1. e4 c5 2. Nf3 Nc6 3. d4 cxd4 4. Nxd4 Nf6 5. Nc3 e5 6. Nb3 Bb4 7. Bg5 h6 8. Bxf6 Qxf6 9. Bd3 0-0 10. 0-0 Bxc3 11. bxc3 d6 12. Qe2 Be6 13. Bc4 Rac8 14. Bxe6 Qxe6 15. Qb5 b6 16. Rfd1 Ne7 17. Rd3 f5 18. Rad1 fxe4 19. Rxd6 Qf5 20. Qe2 Rxc3 21. Rd8 Rxd8 22. Rxd8+ Kh7 23. Rd2 Ng6 24. g3 Nf8 25. Qe1 Ne6 26. Re2 Rc4 27. Nd2 Rxc2 28. Nxe4 Nd4 0-1

[Event "Goch op 06th"]
[Site "Goch"]
[Date "1995.??.??"]
[Round "5"]
[White "Sutton, Ian"]
[Black "Ragsch, Klaus"]
[Result "1-0"]
[WhiteElo "2120"]
[BlackElo "1845"]
[PlyCount "97"]
[EventDate "1995.10.??"]
[EventType "swiss"]
[EventRounds "7"]
[EventCountry "GER"]
[SourceTitle "EXT 1999"]
[Source "ChessBase"]
[SourceDate "1998.11.16"]
[SourceVersion "1"]
[SourceVersionDate "1998.11.16"]
[SourceQuality "1"]

1. d4 Nf6 2. c4 e6 3. Nc3 Bb4 4. Qc2 d5 5. a3 Bxc3+ 6. Qxc3 Ne4 7. Qc2 c5 8. dxc5 Nc6 9. e3 Qa5+ 10. Bd2 Nxd2 11. Qxd2 Qxc5 12. cxd5 exd5 13. Rc1 Qb6 14. Nf3 0-0 15. Be2 Be6 16. 0-0 Rad8 17. Rfd1 Rfe8 18. Nd4 Nxd4 19. Qxd4 Qxd4 20. Rxd4 Rc8 21. Rcd1 Rc2 22. R4d2 Rec8 23. h4 Kf8 24. Bf3 Rxd2 25. Rxd2 Rc1+ 26. Kh2 Ke7 27. Bxd5 Bxd5 28. Rxd5 Rc2 29. Rb5 b6 30. Kg3 Kd6 31. h5 f6 32. Rb4 g6 33. h6 Ke6 34. Rb5 Kf7 35. f4 Ke6 36. a4 Kd6 37. a5 Kc6 38. axb6 axb6 39. Rb3 Rd2 40. Rc3+ Kb7 41. b3 Rd5 42. e4 Rd6 43. Kf3 Rd1 44. e5 Rf1+ 45. Ke4 f5+ 46. Kd5 Rxf4 47. e6 Re4 48. Kd6 f4 49. e7 1-0